00601nam a2200193Ia 4500008004100000020001800041082001700059100002500076245003000101250000700131260003500138300002400173500001900197600002000216650002000236942000700256952012700263999001700390240925s9999 xx 000 0 und d a9780071497343 a332.6327 ROS aRosenberg, Laurence 0aETF: strategy and tactics aNA aNew York:bMcGraw-Hillc,2008. a543p.bNAfOriginal aIncludes Index aSocial Sciences aSocial Sciences cBK 001040708SSaUITUbUITUd2018-12-18eBook Stationg340.00l0o332.6327 ROSpQ12541r2024-09-25 07:16:32w2024-09-25yBK c15040d15040